Ecología de los ecosistemas costeros en el sur del Golfo de México : la región de la Laguna de Términos = Ecology of coastal ecosystems in the southern Gulf of Mexico : the Terminos Lagoon region /

Saved in:
Bibliographic Details
Corporate Authors: Regional Scientific and Technological Development Program, Universidad Nacional Autónoma de México. Instituto de Ciencias del Mar y Limnología., Louisiana State University (Baton Rouge, La.). Coastal Ecology Institute.
Other Authors: Yáñez-Arancibia, Alejandro., Day, John W., 1945-, Day, John W.
Format: Book
Language:Spanish
Published: Ciudad Universitaria, México, D.F. : Universidad Nacional Autónoma de México, Coordinación de Humanidades, 1988.
Edition:1. ed.
Subjects:
Tags: Add Tag
No Tags, Be the first to tag this record!
LEADER 02075cam a2200409Ia 4500
001 002340407-8
005 20090928170001.0
008 890501s1988 mx ab b 001 0 spa d
020 |a 9683606350 
035 0 |a ocm19640088 
040 |a DOA  |c DOA  |d HLS 
041 0 |a spaeng  |b spaeng 
043 |a n-mx--- 
050 4 |a QH541.5.E8  |b .E4 1988 
090 |a QH541.5.E8  |b E4 1988 
245 0 0 |a Ecología de los ecosistemas costeros en el sur del Golfo de México :  |b la región de la Laguna de Términos = Ecology of coastal ecosystems in the southern Gulf of Mexico : the Terminos Lagoon region /  |c [Organización de los Estados Americanos, Programa Regional de Desarrollo Científico y Tecnológico ; Instituto de Ciencias del Mar y Limnología, Universidad Nacional Autónoma de México ; Coastal Ecology Institute, Center for Wetland Resources, Louisiana State University ; A. Yáñez-Arancibia & J. W. Day Jr., editores]. 
246 3 |a Ecology of coastal ecosystems in the southern Gulf of Mexico. 
250 |a 1. ed. 
260 |a Ciudad Universitaria, México, D.F. :  |b Universidad Nacional Autónoma de México, Coordinación de Humanidades,  |c 1988. 
300 |a xxvi, 518 p. :  |b ill. (some col.), maps ;  |c 23 cm. 
500 |a Text in Spanish or English; abstract and contents in both languages. 
504 |a Includes bibliographies and indexes. 
650 0 |a Estuarine ecology  |z Mexico  |z Terminos Lagoon. 
650 0 |a Lagoon ecology  |z Mexico  |z Terminos Lagoon. 
650 0 |a Fishes  |x Ecology  |z Mexico  |z Terminos Lagoon. 
651 0 |a Terminos Lagoon (Mexico) 
650 0 |a Lagoon ecology. 
650 0 |a Estuarine ecology. 
650 0 |a Fishes  |x Ecology. 
700 2 |a Yáñez-Arancibia, Alejandro. 
700 1 |a Day, John W.,  |d 1945- 
710 2 |a Regional Scientific and Technological Development Program 
710 2 |a Universidad Nacional Autónoma de México.  |b Instituto de Ciencias del Mar y Limnología. 
710 2 |a Louisiana State University (Baton Rouge, La.).  |b Coastal Ecology Institute. 
700 1 |a Day, John W. 
988 |a 20020608 
906 |0 OCLC